000 00930nam a22002537a 4500
003 0
005 20250109090305.0
008 250109b xxu||||| |||| 00| 0 eng d
020 _a978-1-5297-7189-3
050 _aLB 1028.3
_b.B43 2022
100 _aBecker, Lucinda
_eauthor.
245 _aAcing online assessment :
_byour guide to success /
_cLucinda Becker ; Felicity Becker ; Anastasia Becker.
260 _aThousand Oaks, California :
_bSAGE Publications Inc.
300 _aviii, 180 p. ;
_c25 cm.
504 _aIncludes bibliographical references and index.
650 _aComputer-assisted instruction
_vEvaluation.
650 _aInternet in higher education.
650 _aComputer-assisted instruction.
650 _aEducational tests and measurements
_vData processing.
650 _aExaminations
_vStudy guides.
700 _aBecker, Felicity
_eauthor.
700 _aBecker, Anastasia
_eauthor.
942 _2lcc
_cBK
999 _c366942
_d366942